[Event "3rd Mersin Open 2018"]
[Site "Mersin"]
[Date "2018.09.13"]
[Round "5.1"]
[White "Iskandarov, Misratdin"]
[Black "Shishkin, Vadim"]
[Result "1/2-1/2"]
[WhiteElo "2482"]
[BlackElo "2443"]
[Annotator "TA"]
[PlyCount "122"]
[EventDate "2018.09.09"]
[EventType "swiss"]
[EventCountry "TUR"]
[SourceTitle "playchess.com"]
[Source "ChessBase"]
[SourceQuality "1"]

{[%evp 13,122,14,27,26,19,18,27,16,17,-10,46,46,39,39,34,33,43,4,4,0,0,0,31,15,58,53,54,58,48,52,43,52,50,26,26,22,38,0,49,35,32,32,66,66,66,66,66,66,68,68,68,29,35,41,62,37,40,27,52,45,37,37,72,10,9,0,0,0,0,0,51,20,20,20,28,0,0,0,0,0,0,0,0,0,0,0,0,0,0,0,0,0,0,0,0,0,0,0,0,0,0,0,0,0,0,0,0,0,0,0,0]} 1. e4 c5 2. Nf3 Nc6 3. Bb5 g6 4. Bxc6 dxc6 5. h3 Bg7 6. d3 b6 7. Nc3 Nh6 {LiveBook: 52 Partien. B31: Sizilianisch (Rossolimo-Variante)} 8. a4 (8. Bf4 f6 9. e5 O-O 10. O-O Nf5 11. Re1 a5 12. exf6 exf6 13. Qd2 Ra7 14. Ne4 Rd7 15. b3 {1-0 (84) Fressinet,L (2662)-Alekseev,E (2616) Katowice 2017}) 8... a5 9. Qe2 $146 ({Vorgänger:} 9. Be3 f6 10. d4 cxd4 11. Nxd4 Bd7 12. f4 e5 13. fxe5 fxe5 14. Nf3 {½-½ (33) Kosakowski,J (2318)-Shishkin,V (2448) Darlowko 2018}) 9... f6 10. e5 {[#] Und exf6 würde nun gewinnen.} O-O 11. Qe4 Qd7 (11... Nf5 $11) 12. Bxh6 $14 Bxh6 13. O-O f5 14. Qh4 Bg7 15. Rfe1 h6 16. Rad1 g5 17. Qh5 e6 18. Nd2 Qe8 19. Qf3 Ba6 20. Nc4 Bxc4 21. dxc4 Rf7 22. Rd6 Rc8 23. Na2 {[%cal Bc3a2,Ba2c1,Bc1d3][%mdl 32]} Bf8 24. Rd3 Rd7 25. Red1 Rcd8 26. Nc1 Rxd3 27. Rxd3 Bg7 28. Rxd8 Qxd8 29. Nd3 Qd7 30. b3 Kh7 31. Kf1 Kg6 32. Ke2 Qc7 33. Qe3 Qd7 34. c3 Qc7 35. g4 Kf7 36. f4 gxf4 37. Qxf4 Qd7 38. Ne1 (38. Kd2 $16) 38... Ke8 $11 39. Nf3 fxg4 40. hxg4 Kd8 41. Qe4 Qe8 ({Besser ist} 41... Kc7 $11) 42. Qh7 (42. b4 $5) 42... Qe7 43. Qg8+ Bf8 44. Kf2 (44. g5 $5 {[%cal Rg5h6]} Kc7 45. g6 $14) 44... Kd7 {Die Stellung ist ausgeglichen.} 45. Qg6 Qg7 46. Qe4 Be7 47. Ke2 Kc7 48. Kf2 Qf7 49. Kg3 Bd8 50. Qf4 Qxf4+ 51. Kxf4 {[%mdl 4096] Endspiel KL-KS} Kd7 52. g5 hxg5+ 53. Nxg5 Ke7 54. Ke4 Kd7 55. Nf3 Ke7 56. Ne1 Kd7 57. Nd3 Bg5 58. b4 cxb4 59. cxb4 axb4 60. Nxb4 Bd2 61. Nd3 c5 {Precision: Weiß = 57%, Schwarz = 70%.} 1/2-1/2

[Event "3rd Mersin Open 2018"]
[Site "Mersin"]
[Date "2018.09.13"]
[Round "5.2"]
[White "Bagaturov, Giorgi"]
[Black "Tarlev, Konstantin"]
[Result "1/2-1/2"]
[WhiteElo "2396"]
[BlackElo "2564"]
[Annotator "TA"]
[PlyCount "78"]
[EventDate "2018.09.09"]
[EventType "swiss"]
[EventCountry "TUR"]
[SourceTitle "playchess.com"]
[Source "ChessBase"]
[SourceQuality "1"]

{[%evp 29,78,-10,0,-15,0,0,0,0,0,0,0,0,0,-11,0,-12,0,-3,0,0,0,-35,18,0,0,-9,-7,-7,0,0,0,-31,0,0,0,0,0,0,0,0,0,0,572,560,409,0,0,0,363,0,0]} 1. d4 Nf6 2. c4 e6 3. Nf3 b6 4. a3 Bb7 5. Nc3 d5 6. cxd5 Nxd5 7. Qc2 Be7 8. e4 Nxc3 9. bxc3 O-O 10. Bd3 c5 11. O-O Qc7 12. Qe2 {E12: Queen's Indian: Unusual White 4th moves, 4 a3, 4 Nc3 Bb7 5 a3 and 4 Nc3 Bb7} Rd8 13. Re1 Nc6 14. Bb2 Na5 15. Rad1 Rac8 {LiveBook: 4 Games} (15... Bf8 16. h4 h6 17. h5 cxd4 18. cxd4 Rac8 19. d5 exd5 20. e5 {½-½ (89) Kovalenko,I (2659)-Kravtsiv,M (2657) Martuni 2017}) 16. Bc1 $146 ({Predecessor:} 16. Ne5 Bf8 17. h4 Nb3 18. Bb1 Na5 19. h5 f6 {0-1 (39) Matthiesen,M (2314)-Vorobiov,E (2548) Aarhus 2018}) 16... Bc6 17. d5 Ba4 18. Bc2 Bxc2 19. Qxc2 b5 20. dxe6 fxe6 21. Bg5 (21. Rxd8+ {feels hotter.} Rxd8 22. a4 a6 23. e5 c4 24. Bg5) 21... Rxd1 22. Rxd1 Bf8 23. h3 h6 24. Bh4 Nc4 25. a4 a6 (25... bxa4 $15 26. Qa2 Nb6) 26. axb5 axb5 27. Qb3 Qc6 28. Bg3 Ra8 29. Qc2 Be7 30. Bh4 Na3 31. Qe2 Bxh4 32. Nxh4 b4 33. cxb4 cxb4 {[#] aiming for ...b3.} 34. Ng6 $36 {[%mdl 2048] Hoping for Ne7+. Black is under pressure.} Kh7 35. Ne5 Qc3 $2 {[%mdl 8192]} (35... Qc7 $11 36. Qh5 Kg8) 36. Qh5 $18 Kh8 37. Ng6+ Kh7 38. Ne5 {And now Qg6+ would win.} Kh8 39. Ng6+ $2 ({White has to play} 39. Nf7+ $18 Kg8 {[#]} 40. Nxh6+ $1 {[%mdl 512]} gxh6 41. Qxh6) 39... Kh7 {Precision: White = 38%, Black = 52%.} 1/2-1/2

[Event "3rd Mersin Open 2018"]
[Site "Mersin"]
[Date "2018.09.13"]
[Round "5.3"]
[White "Gasimov, Parviz"]
[Black "Rasulov, Vugar"]
[Result "0-1"]
[WhiteElo "2341"]
[BlackElo "2527"]
[Annotator "TA"]
[PlyCount "120"]
[EventDate "2018.09.09"]
[EventType "swiss"]
[EventCountry "TUR"]
[SourceTitle "playchess.com"]
[Source "ChessBase"]
[SourceQuality "1"]

{[%evp 14,119,25,27,23,24,23,0,9,0,3,-20,-24,-25,-22,-17,-7,-11,-11,-11,-11,-11,-11,-11,-11,-11,-11,-16,-3,-36,-10,-6,-9,-4,-8,-6,0,-2,-3,-7,0,0,0,-13,-16,-17,-18,-14,0,0,0,0,0,0,0,0,0,0,0,0,0,0,0,0,0,0,0,0,0,0,0,0,0,-8,0,-151,-131,-338,-337,-329,-321,-340,-127,-112,-18,-15,-14,-43,0,0,0,0,0,0,0,0,0,0,0,-8,-11,-77,0,0,0,-219,-213,-29999]} 1. e4 c5 2. Nf3 d6 3. Bb5+ Nc6 4. O-O Bd7 5. Re1 a6 6. Bxc6 Bxc6 7. d4 cxd4 8. Nxd4 Rc8 {B51: Sicilian: Moscow Variation (3 Bb5+) without 3...Bd7} (8... Bd7 9. c4 e6 10. b3 Nf6 11. a4 Be7 12. Nc3 Qa5 13. Qd2 Rd8 14. Ba3 Bc8 15. Rad1 Qc7 16. h3 {½-½ (56) Timofeev,A (2579)-Fedoseev,V (2706) Sochi 2018}) 9. Nc3 e6 10. Qg4 Nf6 {The position is equal.} 11. Qg3 Qa5 12. Bg5 $146 ({Predecessor:} 12. Nb3 Qh5 13. Bf4 Qg4 14. Rad1 Qxg3 15. Bxg3 b5 16. Bxd6 {½-½ (32) Cabrera,A (2500)-Petkov,V (2527) France 2005}) 12... Qe5 13. Rad1 {Threatens to win with Bf4.} Qxg3 $1 14. hxg3 Nd7 15. Nxc6 Rxc6 16. Re2 Ne5 17. Bf4 Be7 18. Bxe5 dxe5 19. Red2 Rc7 20. Ne2 h5 21. Nc1 h4 22. gxh4 Rxh4 23. Re2 Rc4 24. Rde1 $1 f6 25. g3 Rh8 26. Rd1 Kf7 27. Rd7 Rb8 28. Nb3 Ke8 29. Rd3 b5 30. c3 Rc7 31. a3 Ra8 32. Na5 Rd8 33. Rxd8+ Bxd8 $11 {[%mdl 4096] Endgame KRB-KRN} 34. Rd2 Be7 35. Kf1 f5 36. f3 Kf7 37. Kg2 g6 38. Rd1 Bg5 39. Kf2 Kf6 40. Nb3 Rh7 41. Kg2 Be3 42. Rd6 Ra7 43. Rc6 Rd7 {aiming for ...Rd1.} 44. Rxa6 $2 (44. Kf1 $11) 44... Rd1 $17 45. Ra5 $2 (45. c4 $17) 45... Rb1 $19 46. Rxb5 Rxb2+ 47. Kh1 Rb1+ $2 (47... fxe4 $1 $19 {is more deadly.} 48. Nd4 Ra2) 48. Kg2 g5 (48... Rg1+ $1 $17 49. Kh2 Rf1) 49. a4 $11 Rb2+ 50. Kh1 $1 f4 51. g4 Rf2 52. Nc5 $1 Rxf3 {Hoping for ...Rf1+.} 53. Nd7+ Ke7 54. Nxe5 Rf1+ 55. Kg2 Rf2+ 56. Kh1 f3 57. Rb7+ {[#]} (57. Rb1 $11) 57... Kd6 (57... Kd8 $1 $17 58. Rd7+ Ke8) 58. Nc4+ Kc6 {( -> ...Rf1+)} 59. Rb1 $2 {[#]} (59. Na5+ $11 Kd6 60. Nc4+ Kc6 61. Na5+ Kd6 62. Nc4+) 59... Bf4 $1 $19 {[%cal Rf4g3][%mdl 1024] Black has strong compensation.} 60. Rb2 $2 (60. Kg1 $19 Rc2 61. Rf1) 60... Rf1# {Precision: White = 65%, Black = 58%.} 0-1

[Event "3rd Mersin Open 2018"]
[Site "Mersin"]
[Date "2018.09.13"]
[Round "5.4"]
[White "Buyukasik, Diyap"]
[Black "Annaberdiev, Meilis"]
[Result "0-1"]
[WhiteElo "2305"]
[BlackElo "2514"]
[Annotator "TA"]
[PlyCount "98"]
[EventDate "2018.09.09"]
[EventType "swiss"]
[EventCountry "TUR"]
[SourceTitle "playchess.com"]
[Source "ChessBase"]
[SourceQuality "1"]

{[%evp 23,98,0,0,0,0,0,0,0,0,0,0,-14,0,-37,-25,-29,-20,-67,-64,-80,-97,-118,-113,-94,-103,-177,-195,-235,-109,-91,-95,-100,-98,-119,-95,-103,-87,-115,-93,-308,-312,-417,-373,-326,-227,-384,-377,-476,-127,-257,-251,-256,-258,-266,-251,-352,-370,-531,-480,-513,-505,-1087,-1052,-1254,-1235,-2230,-1873,-29967,-5864,-29952,-165,-29956,-6632,-29981,-29982,-29982,-29983]} 1. Nf3 d5 2. g3 g6 3. Bg2 Bg7 4. d4 Nf6 5. O-O O-O 6. c4 c6 7. cxd5 cxd5 8. Nc3 Ne4 9. Ng5 {D79: Grünfeldindisch (Fianchetto 6.0-0 c6 7.cxd5 cxd5)} Nxc3 10. bxc3 h6 11. Nh3 Bxh3 (11... Nc6 12. Nf4 e6 13. e4 dxe4 14. Bxe4 Bd7 15. d5 exd5 16. Bxd5 Ne5 17. Bxb7 {½-½ (28) Aronian,L (2799)-Anand,V (2783) Saint Louis 2017}) 12. Bxh3 Nc6 {LiveBook: 3 Partien} 13. Rb1 Na5 14. Qd3 e6 15. e4 dxe4 16. Qxe4 Rc8 17. Qf3 $146 Qd6 18. Bd2 Rfd8 19. Rb5 b6 20. d5 f5 21. Re1 e5 $1 22. g4 Nc4 23. Qe2 a6 24. Rb4 (24. Rb3 $17) 24... Qxd5 $19 25. Bc1 Qd3 (25... e4 $19 {bietet bessere Gewinnchancen.} 26. Rb3 Ne5) 26. Bf1 $17 {[#]} Qxe2 $1 27. Bxe2 b5 28. a4 Bf8 29. Rb1 bxa4 30. gxf5 gxf5 {Droht ...a3 und aus.} 31. Bxc4+ $2 (31. Ra1 $17) 31... Rxc4 $19 32. Rxe5 Rd1+ 33. Kg2 Rc8 34. Re2 $2 (34. Re3) 34... Rxc3 35. Rb8 {Und weiter mit Lxh6 wäre nett.} Rd6 $2 (35... Rcxc1 $2 36. Ree8 $19) (35... Rdxc1 $19 36. Ree8 a3 37. Rxf8+ Kg7 38. Rg8+ Kh7) 36. Bd2 (36. Ree8 $17 Rg6+ 37. Bg5 Rxg5+ 38. Kf1) 36... Rb3 37. Rc8 Rg6+ 38. Kf1 {[#]} Rb1+ $1 39. Re1 (39. Bc1 {war erzwungen.}) 39... Rxe1+ 40. Bxe1 {[%mdl 4096] Endspiel KTL-KTL} (40. Kxe1 {war die einzige Verteidigung.} a3 41. Rc2) 40... Rb6 41. Rc4 a3 42. Ra4 (42. Bc3 $142 Rb1+ 43. Ke2) 42... Rb1 43. Ke2 Rxe1+ 44. Kxe1 {[#] KT-KL} a5 $1 {[%mdl 512]} 45. Ke2 (45. Rxa5 Bb4+) 45... Bb4 46. Ke3 Kf7 {Weiss muss nun ...Ke6 beachten.} 47. Kf4 $2 (47. Kd4 $19) 47... Ke6 48. h4 Kd5 49. Kxf5 Kc4 {Precision: Weiß = 24%, Schwarz = 75%.} 0-1

[Event "3rd Mersin Open 2018"]
[Site "Mersin"]
[Date "2018.09.13"]
[Round "5.5"]
[White "Khodashenas, Mersad"]
[Black "Odeev, Handszar"]
[Result "1-0"]
[WhiteElo "2452"]
[BlackElo "2410"]
[Annotator "TA"]
[PlyCount "79"]
[EventDate "2018.09.09"]
[EventType "swiss"]
[EventCountry "TUR"]
[SourceTitle "playchess.com"]
[Source "ChessBase"]
[SourceQuality "1"]

{[%evp 16,79,6,0,14,3,31,26,14,28,81,18,29,29,18,13,33,61,135,138,125,129,98,131,142,78,61,50,53,42,123,119,98,46,41,36,27,34,127,95,120,114,205,193,342,342,408,246,598,579,805,802,860,849,1008,1008,994,981,1256,1245,1200,1154,1506,1504,29992,29993]} 1. d4 Nf6 2. c4 g6 3. f3 Nc6 {[%cal Bb8c6,Bc6e5,Be5d7,Bd7c5][%mdl 32]} (3... Bg7 4. e4 d6 5. Nc3 O-O 6. Be3 c5 7. dxc5 dxc5 8. Qxd8 Rxd8 9. Bxc5 Nc6 10. Be3 Be6 11. Rc1 Rac8 12. b3 Nb4 13. Nh3 Bxh3 14. gxh3 Nh5 15. Nd5 Nc6 16. Kf2 e6 17. Nf4 Nxf4 18. Bxf4 {½-½ (30) Ma,Q (2629)-Yu,Y (2759) Hangzhou 2018}) 4. d5 Ne5 5. e4 d6 6. Nc3 {E60: King's Indian: Unusual lines and Fianchetto Variation without Nc3} Bg7 7. f4 Ned7 8. Nf3 O-O 9. Bd3 {LiveBook: 14 Games} Nc5 10. O-O c6 11. Be3 cxd5 12. cxd5 Qa5 $146 (12... Ng4 $11 {remains equal.} 13. Bxc5 dxc5) ({Predecessor:} 12... e6 13. dxe6 fxe6 14. Bxc5 dxc5 {1-0 (56) Gemmell,P-McDonald,N (2400) Swansea 1987}) 13. Bd4 (13. Bc2 $1 $16) 13... Bg4 $11 14. a3 {b4 is the strong threat.} Nh5 15. Bxg7 Kxg7 16. Bc4 (16. b4 Qb6 $15) 16... Bxf3 (16... Qb6 $14) 17. Qd4+ $1 $16 (17. gxf3 $6 Rfc8 $15) (17. Rxf3 $6 Qb6 $14) (17. Qxf3 $6 Rfc8 $11) 17... Kg8 {[#]} 18. b4 $1 $36 {[%cal Rb4a5][%mdl 2048] White is in control.} (18. gxf3 Rfc8 $11) (18. Rxf3 $6 Qb6 $14) 18... Qc7 19. bxc5 (19. gxf3 $6 Rac8 $11) 19... Bg4 20. f5 (20. c6 $142) 20... dxc5 21. Qe3 Qe5 $1 {[%cal Rg4f5]} 22. Rae1 {[%mdl 1024] White has compensation.} a6 ({Black should play} 22... Kh8 $14) 23. h3 Nf6 24. Rf4 (24. Ba2 $16) 24... b5 $14 {And now ...Bxh3 would win.} 25. Ba2 Bh5 26. g4 g5 (26... Bxg4 $14 27. hxg4 g5) 27. Rf3 Bxg4 {[#]} 28. Rg3 $1 (28. hxg4 Nxg4 29. Qxg5+ Kh8 $14) (28. Qxg5+ $2 Kh8 $17) 28... b4 (28... Rfd8 $16) 29. Na4 $18 {[%cal Bc3a4,Ba4c5,Bc5d3][%mdl 32]} (29. axb4 $6 cxb4 30. Na4 Rfc8 $16) 29... h5 (29... Kh8 {was called for.} 30. hxg4 (30. Nxc5 Bh5 $16) 30... Nd7) 30. hxg4 ({Much less strong is} 30. Nxc5 b3) 30... Kh7 31. gxh5 bxa3 $2 (31... Nd7 {is a better chance.} 32. d6 (32. Rxg5 Rg8 $14) 32... exd6 33. axb4 (33. Rxg5 Qf6 $18) 33... cxb4 34. Rxg5 Qf6) 32. Nxc5 Rac8 {Strongly threatening ...Rxc5.} 33. Nd3 Qb8 34. e5 ({But not} 34. Qxg5 $2 Rg8 $19) 34... Rc2 35. exf6 exf6 36. Rg2 Rfc8 37. Rxc2 Rxc2 38. Re2 Rc3 39. Kg2 Qb5 40. Qe7 {Precision: White = 61%, Black = 30%.} 1-0

[Event "3rd Mersin Open 2018"]
[Site "Mersin"]
[Date "2018.09.13"]
[Round "5.6"]
[White "Koksal, Ege"]
[Black "Ererdem, Gani Eren"]
[Result "1-0"]
[WhiteElo "2367"]
[BlackElo "2137"]
[Annotator "NA"]
[PlyCount "79"]
[EventDate "2018.09.09"]
[EventType "swiss"]
[EventCountry "TUR"]
[SourceTitle "playchess.com"]
[Source "ChessBase"]
[SourceQuality "1"]
[TimeControl "5400+30"]

{[%evp 13,79,16,32767,32767,32767,41,46,32767,43,45,39,36,73,71,77,77,87,49,63,43,64,38,49,0,-7,-24,20,32767,0,-63,-47,-52,-11,0,0,-21,28,34,36,33,64,32767,32767,32767,32767,32767,213,231,216,216,241,296,324,374,378,368,464,502,32767,32767,32767,32767,32767,1319,1283,1693,1561,1997]} 1. d4 {[%emt 0:00:30]} Nf6 {[%emt 0:00:30]} 2. c4 {[%emt 0:00:00]} e6 {[%emt 0:00:00]} 3. Nc3 {[%emt 0:00:00]} Bb4 {[%emt 0:00:00]} 4. e3 {[%emt 0:00:30]} b6 {[%emt 0:01:30]} 5. Nge2 {[%emt 0:01:30]} Bb7 {[%emt 0:00:00]} 6. a3 {[%emt 0:00:30]} Be7 {[%emt 0:00:00]} 7. d5 {[%emt 0:03:30]} O-O {[%emt 0:00:30]} 8. Ng3 {[%emt 0:00:30]} Re8 {[%emt 0:15:30] E44: Nimzo-Indian: Rubinstein: 4...b6 5 Ne2} 9. Be2 {[%emt 0:03:30] LiveBook: 22 Games} d6 {[%emt 0:12:30]} 10. O-O {[%emt 0:01:30]} c6 {[%emt 0:03:30]} 11. dxe6 {[%emt 0:00:30]} fxe6 {[%emt 0:00:30]} 12. e4 {[%emt 0:01:30]} Nbd7 $146 {[%emt 0:10:30]} ({Predecessor:} 12... c5 13. Be3 Nc6 14. f4 Nd4 15. Bd3 e5 16. Nd5 {1-0 (83) Guliev,S (2477)-Gorin,L (2388) Koszalin 1999}) 13. f4 {[%emt 0:00:30]} Qc7 {[%emt 0:05:30]} 14. Be3 {[%emt 0:03:30]} Rad8 {[%emt 0:01:30]} 15. Kh1 {[%emt 0:07:30]} a6 {[%emt 0:01:30]} 16. Rc1 {[%emt 0:01:30]} Kh8 {[%emt 0:10:30]} 17. f5 {[%emt 0:05:30]} exf5 {[%emt 0:02:30]} 18. exf5 {[%emt 0:01:30]} c5 {[%emt 0:03:30]} 19. Bf4 {[%emt 0:16:30]} Bc6 {[%emt 0:04:30]} 20. Bf3 {[%emt 0:04:30]} b5 {[%emt 0:11:57]} 21. Qd3 {[%emt 0:32:42]} (21. cxb5 $11 axb5 22. Re1) 21... bxc4 {[%emt 0:04:31]} 22. Qxc4 {[%emt 0:00:01]} Qb7 23. Bxc6 Qxc6 24. Rcd1 Nb6 ({Black should play} 24... Bf8 $15) 25. Qxa6 d5 26. Qb5 Rc8 27. Qxc6 Rxc6 28. Nb5 Kg8 29. Na7 Rd6 30. Bxd6 Bxd6 31. Rfe1 Rxe1+ 32. Rxe1 Nc4 33. a4 Bc7 34. Nc6 d4 35. b3 Nd2 36. a5 Nxb3 37. a6 Bb6 38. Ne7+ Kf7 39. Nc8 Nd5 $18 40. Re5 1-0

[Event "3rd Mersin Open 2018"]
[Site "Mersin"]
[Date "2018.09.13"]
[Round "5.7"]
[White "Zor, Alber Kadir"]
[Black "Zeynalli, Rashad"]
[Result "1-0"]
[WhiteElo "2134"]
[BlackElo "2318"]
[Annotator "NA"]
[PlyCount "85"]
[EventDate "2018.09.09"]
[EventType "swiss"]
[EventCountry "TUR"]
[SourceTitle "playchess.com"]
[Source "ChessBase"]
[SourceQuality "1"]
[TimeControl "5400+30"]

1. Nf3 {[%emt 0:00:30]} f5 {[%emt 0:00:30]} 2. d3 {[%emt 0:00:00]} d6 {[%emt 0:00:30]} 3. e4 {[%emt 0:00:00]} e5 {[%emt 0:00:30]} 4. Nc3 {[%emt 0:00:30]} Nf6 {[%emt 0:00:30]} 5. exf5 {[%emt 0:01:30] A04: Unusual lines after 1 Nf3 and King's Indian Attack} Bxf5 {[%emt 0:00:30]} 6. d4 {[%emt 0:00:00]} e4 {[%emt 0:05:30]} 7. Nh4 {[%emt 0:00:00]} Bg4 {[%emt 0:04:30]} 8. Be2 {[%emt 0:00:30]} Bxe2 {[%emt 0:00:30]} 9. Qxe2 {[%emt 0:00:00] LiveBook: 20 Games} d5 {[%emt 0:03:30] [#]} 10. Bg5 $1 {[%emt 0:01:00]} Bb4 {[%emt 0:05:30] [#]} 11. Qb5+ $1 {[%emt 0:01:30]} (11. O-O O-O 12. Nf5 Nc6 {½-½ (36) Grischuk,A (2783)-Ponomariov,R (2731) Beijing 2013}) 11... Nc6 {[%emt 0:00:30]} 12. Qxb7 {[%emt 0:00:00]} Nxd4 {[%emt 0:00:30]} 13. O-O-O $146 {[%emt 0:00:00]} Bxc3 {[%emt 0:04:30]} 14. bxc3 {[%emt 0:12:30]} Rb8 {[%emt 0:10:30] [#]} 15. Bxf6 $1 {[%emt 0:02:30]} ({Of course not} 15. Qa6 $6 Nb5 $15) 15... gxf6 {[%emt 0:02:30] [#]} 16. Qa6 $1 {[%emt 0:01:30]} Rb6 {[%emt 0:03:30] [#]} 17. Qa4+ $1 {[%emt 0:00:00]} Nc6 {[%emt 0:01:30] [#]} 18. Rhe1 $1 {[%emt 0:00:00]} O-O {[%emt 0:05:30] [#]} 19. Rxe4 $1 {[%emt 0:03:30]} Ne5 {[%emt 0:16:30]} (19... f5 $142 20. Rf4 Ne7) 20. Nf5 {[%emt 0:09:30]} ({And not} 20. Qxa7 Qd6 $11) 20... Qb8 {[%emt 0:06:30]} 21. Rxd5 {[%emt 0:17:30]} Rb1+ {[%emt 0:05:30]} 22. Kd2 {[%emt 0:00:00]} Kh8 {[%emt 0:04:42]} 23. Rexe5 {[%emt 0:10:00]} fxe5 {[%emt 0:01:20]} 24. Qd7 {[%emt 0:00:30]} Rg8 {[%emt 0:03:39]} 25. Qe7 {[%emt 0:00:00]} Qf8 {[%emt 0:00:58]} 26. Qxe5+ {[%emt 0:01:00]} Rg7 $18 {[%emt 0:00:01]} 27. Qxg7+ {[%emt 0:01:30]} Qxg7 {[%emt 0:00:34]} 28. Nxg7 {[%emt 0:00:00]} Kxg7 {[%emt 0:00:03]} 29. Rd7+ {[%emt 0:00:00]} Kg6 {[%emt 0:00:12]} 30. Rxc7 {[%emt 0:00:30]} Rg1 {[%emt 0:00:00]} 31. g3 {[%emt 0:00:30]} Rf1 {[%emt 0:00:00]} 32. Ke2 {[%emt 0:00:30]} Rc1 {[%emt 0:00:00]} 33. Rxa7 {[%emt 0:00:00]} Rxc2+ {[%emt 0:00:00]} 34. Kf3 {[%emt 0:00:00]} Rxc3+ {[%emt 0:00:48]} 35. Kg2 {[%emt 0:00:00]} h5 {[%emt 0:00:00]} 36. h4 {[%emt 0:00:00]} Rc2 {[%emt 0:00:00]} 37. a4 {[%emt 0:00:30]} Ra2 {[%emt 0:00:24]} 38. a5 {[%emt 0:00:30]} Kf5 {[%emt 0:00:00]} 39. a6 {[%emt 0:00:00]} Kg6 {[%emt 0:00:35]} 40. Ra8 {[%emt 0:00:00]} Kg7 {[%emt 0:00:00]} 41. a7 {[%emt 0:00:00]} Ra3 {[%emt 0:00:04]} 42. f4 {[%emt 0:00:00]} Ra2+ {[%emt 0:00:55]} 43. Kh3 {[%emt 0:00:00]} 1-0

[Event "3rd Mersin Open 2018"]
[Site "Mersin"]
[Date "2018.09.14"]
[Round "5.8"]
[White "Gokcek, Kursat Bugra"]
[Black "Olcum, Ahmet"]
[Result "1/2-1/2"]
[WhiteElo "2092"]
[BlackElo "2302"]
[Annotator "TA"]
[PlyCount "137"]
[EventDate "2018.09.09"]
[EventType "swiss"]
[EventCountry "TUR"]
[SourceTitle "playchess.com"]
[Source "ChessBase"]
[SourceQuality "1"]

{[%evp 9,137,26,16,16,54,40,43,46,42,8,13,-3,0,-6,37,42,62,52,112,109,104,112,140,122,133,128,129,114,133,130,148,142,172,177,143,122,132,132,136,126,128,105,117,93,107,95,97,12,20,21,23,19,34,22,31,0,47,45,85,78,125,79,160,147,160,169,115,40,44,-50,-50,-50,-50,-50,-42,-39,-42,-50,-50,-50,-50,-50,-42,-50,-50,-50,-50,-50,-50,-50,58,58,274,266,241,250,217,167,349,341,527,483,655,626,760,758,727,719,570,377,377,0,0,0,72,72,5057,5057,5057,5057,5057,5057,5050,0,0,0,0,0,0,0]} 1. d4 d6 2. g3 Nf6 3. Bg2 Nbd7 4. Nf3 c6 5. e3 (5. O-O e5 6. dxe5 dxe5 7. b3 Bc5 8. Bb2 Qc7 9. c4 O-O 10. Nc3 Re8 11. Qc2 Nb6 12. Ng5 Bf8 13. c5 Bxc5 {1-0 (42) Sandipan,C (2593)-Toma,K (2322) Mumbai 2017}) 5... e5 6. c4 {A46: 1 d4 Nf6 2 Nf3 e6: Torre, London and Colle Systems} Qc7 7. Nc3 Be7 8. O-O {White is slightly better.} O-O 9. a4 $146 ({Predecessor:} 9. b3 Ne8 10. a4 f5 11. e4 {0-1 (30) Viola,E (1878)-Seebacher,M (2067) Kaltern 2017}) 9... a5 10. b3 Re8 11. Ba3 Rb8 12. Rc1 b6 13. d5 {dxc6 is the strong threat.} c5 ({Black should try} 13... Bb7 $14) 14. Nb5 $16 {[%cal Bc3b5,Bb5a7,Ba7c6][%mdl 32]} Qd8 15. Na7 Bb7 16. Nd2 Nf8 {[%cal Bd7f8,Bf8e6,Be6c7,Bc7a6,Ba6b4][%mdl 32]} 17. Qc2 Qd7 18. Nc6 Bxc6 19. dxc6 Qc8 20. Ne4 Ne6 21. Rcd1 Nxe4 22. Qxe4 Qc7 23. Bb2 Bf8 24. Qd5 Qe7 25. Rfe1 Nc7 26. Qe4 Qe6 27. g4 Rbc8 28. h3 (28. g5 $16) 28... Na6 $11 29. f4 Nb4 30. f5 Qf6 31. Bc3 $36 {[%mdl 2048] White has the initiative.} Nxc6 32. Qc2 Ne7 33. Be4 Red8 34. Qg2 h6 35. Qg3 g6 (35... Nc6 $142) 36. fxg6 $16 fxg6 37. Rf1 Qe6 38. Qg2 (38. Bf5 $1 $16 {[%cal Rf5e6]} Nxf5 39. gxf5) 38... Bg7 $14 39. Bd5 (39. Be1 $14) 39... Nxd5 $15 40. Qxd5 Qxd5 41. Rxd5 Rc7 (41... Bf8 {seems wilder.} 42. e4 Be7 43. Bd2 Kg7 44. Kg2 Rh8) 42. Kg2 Rf7 43. Rxf7 Kxf7 {[%mdl 4096] Endgame KRB-KRB} 44. e4 h5 45. Bd2 Ke6 46. Rd3 Bf6 47. g5 Be7 48. h4 Ra8 49. Rc3 b5 ({Better is} 49... Rf8 $15) 50. cxb5 $14 {[%cal Bc4b5,Bb5b6][%mdl 32]} d5 $2 (50... Rf8 $1 $14) 51. exd5+ $18 Kxd5 52. Rd3+ Ke6 53. Kf3 Rf8+ $2 (53... Rc8) 54. Ke4 Bd6 (54... Rf5 $142 55. b6 Rf2) 55. b6 Kd7 {If Black can now play ...Kc6 this consolidates a bit.} 56. Rf3 Rxf3 57. Kxf3 {KB-KB} Kc6 58. Ke4 Kxb6 59. Bc3 c4 60. bxc4 $2 (60. Kd5 $1 $18 {[%cal Rd5d6]} Bc5 61. bxc4) 60... Bb4 $1 $11 {[%cal Rb4c3]} 61. Bxe5 Kc5 (61... Be1 $1 $11 {keeps the balance.}) 62. Bg3 $1 $16 Kxc4 $2 {[%mdl 8192] [#]} (62... Bc3 $16) 63. Ke5 $1 $18 {[%cal Re5f6]} Bc3+ {[#]} 64. Ke6 $1 {[%cal Re6f7]} Kb3 65. Kf7 Kxa4 66. Bc7 $2 ({White has to play} 66. Kxg6 $18 Kb5 67. Kxh5) 66... Be1 $1 $11 {The position is equal.} 67. Kxg6 Bxh4 68. Kxh5 Bxg5 69. Bxa5 {Precision: White = 64%, Black = 42%.} 1/2-1/2